[Event "Mataro op 10th"]
[Site "Mataro"]
[Date "2013.10.26"]
[Round "4"]
[White "Shukorov, Artem"]
[Black "Matamoros Cepeda, Antonio"]
[Result "0-1"]
[WhiteElo "1789"]
[BlackElo "1948"]
[PlyCount "46"]
[EventDate "2013.09.28"]
[EventType "swiss"]
[EventRounds "9"]
[EventCountry "ESP"]
[SourceTitle "EXT 2016"]
[Source "ChessBase"]
[SourceDate "2015.10.08"]
[SourceVersion "1"]
[SourceVersionDate "2015.10.08"]
[SourceQuality "1"]

1. e4 e5 2. Nf3 Nc6 3. Bb5 Nf6 4. Nc3 Nd4 5. 0-0 Nxb5 6. Nxb5 d6 7. d3 Bg4 8. Bg5 Be7 9. h3 Bh5 10. Re1 h6 11. Bh4 Qd7 12. c4 c6 13. Nc3 g5 14. Bg3 g4 15. hxg4 Bxg4 16. Re3 Nh5 17. d4 Nxg3 18. fxg3 0-0-0 19. dxe5 Qc7 20. Qd4 b6 21. Rf1 dxe5 22. Qxe5 Bd6 23. Qf6 Bc5 0-1

[Event "Mataro op 10th"]
[Site "Mataro"]
[Date "2013.10.19"]
[Round "3"]
[White "Matamoros Cepeda, Antonio"]
[Black "Ferre Navarro, Joan"]
[Result "1/2-1/2"]
[WhiteElo "1948"]
[BlackElo "1836"]
[PlyCount "165"]
[EventDate "2013.09.28"]
[EventType "swiss"]
[EventRounds "9"]
[EventCountry "ESP"]
[SourceTitle "EXT 2016"]
[Source "ChessBase"]
[SourceDate "2015.10.08"]
[SourceVersion "1"]
[SourceVersionDate "2015.10.08"]
[SourceQuality "1"]

1. e4 e5 2. Nf3 Nc6 3. Bc4 Bc5 4. c3 Nf6 5. d3 a6 6. b4 Ba7 7. 0-0 0-0 8. Be3 d6 9. a4 Ne7 10. Nbd2 Bd7 11. Bb3 Ng6 12. Bxa7 Rxa7 13. Re1 Bg4 14. h3 Be6 15. Nf1 Nf4 16. Bc2 Ra8 17. Ng3 Qc8 18. d4 Bxh3 19. dxe5 dxe5 20. Nf5 Bxf5 21. exf5 g6 22. Nxe5 gxf5 23. Qf3 Ng6 24. Bxf5 Qb8 25. Ng4 Nxg4 26. Qxg4 c6 27. Re7 Qf4 28. Qxf4 Nxf4 29. Rxb7 Ne2+ 30. Kf1 Nxc3 31. Rc7 Nd5 32. Rxc6 Nxb4 33. Rh6 Kg7 34. Rxh7+ Kf6 35. g4 Rh8 36. Rxh8 Rxh8 37. Kg2 a5 38. Rd1 Ra8 39. Rd6+ Ke5 40. Rd7 Kf6 41. f4 Ra6 42. Be4 Ke6 43. Rc7 f6 44. Bb7 Kd6 45. Rh7 Ra7 46. Be4 Rxh7 47. Bxh7 Na6 48. Bd3 Nc5 49. Bb5 Ne6 50. Kg3 Kd5 51. Bd7 Nf8 52. Be8 Nh7 53. Bg6 Nf8 54. Bf7+ Kd6 55. g5 fxg5 56. fxg5 Ke7 57. Bb3 Ng6 58. Kg4 Kf8 59. Bc2 Ne5+ 60. Kf5 Nd7 61. Ke6 Nb6 62. Kf6 Nd5+ 63. Kg6 Nf4+ 64. Kh7 Ne6 65. g6 Ng7 66. Kh6 Ne6 67. Bb3 Ng7 68. Bf7 Nf5+ 69. Kg5 Nd6 70. Bb3 Kg7 71. Bc2 Nb7 72. Be4 Nc5 73. Bc6 Ne6+ 74. Kh5 Nf4+ 75. Kg5 Nxg6 76. Kf5 Ne7+ 77. Ke6 Nxc6 78. Kd6 Nd4 79. Kc5 Nb3+ 80. Kc4 Nd2+ 81. Kb5 Nb3 82. Kc4 Nc1 83. Kb5 1/2-1/2

[Event "ESP Autonomico-chT"]
[Site "Spain"]
[Date "2006.03.18"]
[Round "7.43"]
[White "Laplaza Ara, Carlos"]
[Black "Matamoros Cepeda, Antonio"]
[Result "1/2-1/2"]
[WhiteElo "2063"]
[BlackElo "2010"]
[PlyCount "34"]
[EventDate "2006.02.04"]
[EventType "team"]
[EventRounds "9"]
[EventCountry "ESP"]
[SourceTitle "EXT 2007"]
[Source "ChessBase"]
[SourceDate "2006.11.23"]
[SourceVersion "1"]
[SourceVersionDate "2006.11.23"]
[SourceQuality "1"]

1. e4 e5 2. Nf3 Nc6 3. Bb5 a6 4. Ba4 Nf6 5. 0-0 b5 6. Bb3 Be7 7. Re1 0-0 8. a4 Bb7 9. axb5 axb5 10. Rxa8 Qxa8 11. Nc3 b4 12. Nd5 Nxd5 13. Bxd5 Bf6 14. d3 Nd4 15. Bxb7 Qxb7 16. Nxd4 exd4 17. b3 d6 1/2-1/2

[Event "ESP Autonomico-chT"]
[Site "Spain"]
[Date "2006.02.25"]
[Round "4.52"]
[White "Matamoros Cepeda, Antonio"]
[Black "Glaria, Salvador"]
[Result "1/2-1/2"]
[WhiteElo "2010"]
[BlackElo "1869"]
[PlyCount "69"]
[EventDate "2006.02.04"]
[EventType "team"]
[EventRounds "9"]
[EventCountry "ESP"]
[SourceTitle "EXT 2007"]
[Source "ChessBase"]
[SourceDate "2006.11.23"]
[SourceVersion "1"]
[SourceVersionDate "2006.11.23"]
[SourceQuality "1"]

1. e4 d5 2. exd5 Nf6 3. Nf3 Bg4 4. Nc3 Nxd5 5. Bc4 e6 6. h3 Bh5 7. Bxd5 exd5 8. Qe2+ Be7 9. Qb5+ c6 10. Qxb7 0-0 11. d4 Bd6 12. Be3 Qb6 13. Qxb6 axb6 14. 0-0 Nd7 15. Nh4 f6 16. Nf5 Bb4 17. a3 Bxc3 18. bxc3 Kf7 19. Bf4 Bg6 20. Ne3 Ra4 21. Rfe1 Re8 22. Bd6 Re6 23. Bh2 b5 24. Reb1 Re8 25. Bd6 Ke6 26. Bb4 Raa8 27. Re1 Kf7 28. f3 Nb6 29. Kf2 Re6 30. Re2 Rae8 31. Rae1 Na4 32. g4 Nb2 33. Kf1 h6 34. Bc5 Na4 35. Bb4 1/2-1/2

[Event "Autonomico-chT"]
[Site "Aragon"]
[Date "2005.04.16"]
[Round "12.24"]
[White "Matamoros Cepeda, Antonio"]
[Black "Romo Blasco, Adrian"]
[Result "1/2-1/2"]
[WhiteElo "2047"]
[BlackElo "1628"]
[PlyCount "123"]
[EventDate "2005.01.22"]
[EventType "team"]
[EventRounds "12"]
[EventCountry "ESP"]
[SourceTitle "EXT 2006"]
[Source "ChessBase"]
[SourceDate "2005.11.24"]
[SourceVersion "1"]
[SourceVersionDate "2005.11.24"]
[SourceQuality "1"]

1. e4 c5 2. b4 cxb4 3. d4 d6 4. a3 Nc6 5. axb4 Nxb4 6. c3 Nc6 7. Nf3 g6 8. d5 Nb8 9. Be3 Nf6 10. Bd3 Bg7 11. Rxa7 Rxa7 12. Bxa7 Nbd7 13. Bd4 0-0 14. 0-0 Qc7 15. Na3 Nc5 16. Qe2 Bd7 17. Nd2 Ra8 18. Nc2 Ra2 19. Nb4 Rb2 20. Rb1 Rxb1+ 21. Bxb1 Na4 22. Qc4 Nc5 23. f3 Nh5 24. Bxg7 Kxg7 25. g3 Nf6 26. f4 Qa5 27. Qd4 Kg8 28. e5 Ne8 29. Ne4 Qa1 30. Nd2 Nb3 31. Nc2 Qb2 32. Qb6 Qc1+ 33. Nf1 Qxb1 34. Qxb7 Bh3 35. Nce3 Bxf1 36. Nxf1 Nd2 37. Qxb1 Nxb1 38. c4 Nc7 39. Kf2 Kf8 40. Ke2 Nc3+ 41. Kd3 Na4 42. Ne3 Ke8 43. Ng4 Nc5+ 44. Kd4 Nd7 45. Ne3 f6 46. exd6 exd6 47. g4 Ke7 48. Nc2 Na6 49. Ne3 Nac5 50. Nc2 g5 51. fxg5 fxg5 52. Ne3 Ne5 53. Nf5+ Kd7 54. h3 Ncd3 55. h4 gxh4 56. Nxh4 Nc5 57. g5 Nf7 58. g6 hxg6 59. Nxg6 Ng5 60. Nh4 Nge4 61. Nf5 Kc7 62. Nxd6 1/2-1/2